| 000 | 01157cam a22003135i 4500 | ||
|---|---|---|---|
| 001 | 741062 | ||
| 003 | EG-ScBUE | ||
| 005 | 20250218101121.0 | ||
| 008 | 990428s1999 xxu f b 000 0 eng d | ||
| 020 | _a082182029X (softcover : alk. paper) | ||
| 020 | _a9780821820292 | ||
| 040 |
_aEG-ScBUE _beng _erda _cEG-ScBUE _dEG-ScBUE |
||
| 082 | 0 | 4 |
_a519.2 _bLAW _222 |
| 100 | 1 |
_aLawler, Gregory F., _d1955- _eauthor. |
|
| 245 | 1 | 0 |
_aLectures on contemporary probability / _cGregory F. Lawler, Lester N. Coyle. |
| 264 | 1 |
_aProvidence : _bAmerican Mathematical Society : _bInstitute For Advanced Study, _c1999. |
|
| 300 |
_axii, 99 pages : _billustrations ; _c22 cm. |
||
| 336 |
_2rdacontent _atext _btxt |
||
| 337 |
_aunmediated _2rdamedia _bn |
||
| 338 |
_avolume _bnc _2rdacarrier |
||
| 490 | 0 |
_aStudent mathematical library, _aIAS/Park City mathematical subseries ; _vvolume 2 |
|
| 504 | _aIncludes bibliographical references. | ||
| 650 | 7 |
_aStochastic processes. _2BUEsh |
|
| 650 | 7 |
_aProbabilities. _2BUEsh |
|
| 653 |
_bENGGEN _cFebruary2017 |
||
| 655 |
_vReading book _934232 |
||
| 700 | 1 |
_aCoyle, Lester N. _q(Lester Noel), _d1967- _eauthor. |
|
| 942 |
_2ddc _cBB |
||
| 999 |
_c24125 _d24097 |
||